| 000 | 00970cam a22002054a 4500 | ||
|---|---|---|---|
| 005 | 20250605164053.0 | ||
| 008 | 250528s ||||||||||||||||||||||||d | ||
| 035 | _a17342 | ||
| 020 | _a273631624 | ||
| 040 |
_aGR-AtMCL _bgre _dGR-AtMCL _eAACR2 |
||
| 245 | 1 | _aUnderstanding Organisational Context | |
| 260 |
_bFt Prentice Hall, _c2000 |
||
| 300 | _a388 | ||
| 520 | _aThis introduction to the subject provides the student with a holistic learning experience - combing taught and self-managed elements. Preface, Acknowledgements, The External Environment, The Composition of the External Environment, The Competitive Environment, Inside Organizations, Culture and Organizations, Marketing, Operations Management, Finance, Human Resource Management, TOWS Analysis, Stakeholder Analysis, Managing a Changing Environment, Future Trends, Index. | ||
| 700 | 1 |
_aCapon Claire _93500 |
|
| 700 | 1 |
_aDisbury Andrew _93501 |
|
| 942 | _cBK | ||
| 999 |
_c2768 _d2768 |
||